000 00339nam a2200133Ia 4500
005 20260326235458.0
008 260326s9999||||xx |||||||||||||| ||und||
100 _aMoore, Charles
245 0 _aLa Casa :
_b Forma y DiseƱo /
_cCharles Moore
260 _bGustavo Gili
300 _a267 p.
650 _aARQUITECTURA RESIDENCIAL
942 _cBK
999 _c7981
_d7981